[Event "Tournoi Skype 014B"]
[Site "Skype"]
[Date "????.??.??"]
[Round "1.1"]
[White "Porcabeuf, Jean-Marc"]
[Black "Hernandez, George"]
[Result "1-0"]
[WhiteElo "1328"]
[BlackElo "1547"]
[PlyCount "47"]

1. d4 Nf6 2. c4 d5 3. Nc3 e6 4. a3 c5 5. Nf3 Nc6 6. e3 Bd6 7. cxd5 exd5 8. h3
O-O 9. Bd3 Re8 10. O-O Bc7 11. Bc2 Ng4 12. hxg4 Bxg4 13. Qd3 g6 14. Nh2 Qh4 15.
Nxg4 Qxg4 16. g3 Ne7 17. e4 h5 18. exd5 Nf5 19. Ne4 Kg7 20. dxc5 Nh4 21. d6
Nf3+ 22. Kg2 Rad8 23. Qc3+ Kf8 24. Bh6+ 1-0

[Event "Tournoi Skype 014B"]
[Site "Skype"]
[Date "????.??.??"]
[Round "1.2"]
[White "Le Brun, Yves"]
[Black "Picard, Mario"]
[Result "1-0"]
[WhiteElo "1507"]
[BlackElo "1311"]
[PlyCount "41"]

1. d4 d5 2. Nf3 Nf6 3. Bf4 Bf5 4. e3 e6 5. Nbd2 c5 6. c3 Nbd7 7. Be2 Nh5 8. Bg3
Nxg3 9. hxg3 Nf6 10. Ne5 Qc7 11. Bb5+ Ke7 12. g4 Nxg4 13. Nxg4 cxd4 14. exd4
Qf4 15. Ne3 a6 16. Ba4 g6 17. g3 Qg5 18. Qe2 Bg7 19. Nxd5+ Kd8 20. Nf3 b5 21.
Nxg5 1-0

[Event "Tournoi Skype 014B"]
[Site "Skype"]
[Date "????.??.??"]
[Round "1.3"]
[White "Vervoort, Jean-Louis"]
[Black "Talbot, Jacques"]
[Result "0-1"]
[WhiteElo "1292"]
[BlackElo "1475"]
[PlyCount "52"]

1. d4 d5 2. c4 e6 3. Nc3 Nf6 4. Nf3 c6 5. Bf4 Bd6 6. Bg5 Be7 7. e3 Nbd7 8. Qc2
O-O 9. Bd3 dxc4 10. Bxc4 h6 11. Bxf6 Nxf6 12. O-O Qc7 13. a3 Bd6 14. g3 Re8 15.
b4 e5 16. Rfb1 exd4 17. exd4 Be6 18. Ba2 Bg4 19. Qd3 Re7 20. h3 Bxh3 21. b5
Bxa3 22. bxc6 Qxc6 23. Bxf7+ Rxf7 24. Rxa3 Nd5 25. Nxd5 Qxd5 26. Ne5 Qg2# 0-1

[Event "Tournoi Skype 014B"]
[Site "Skype"]
[Date "????.??.??"]
[Round "1.4"]
[White "Cossalter, Maurizio"]
[Black "Karia, Kirti"]
[Result "1-0"]
[WhiteElo "1459"]
[BlackElo "1267"]
[PlyCount "39"]

1. Nf3 d5 2. d4 Nc6 3. e3 Bf5 4. c4 Nb4 5. Qa4+ Nc6 6. cxd5 Qxd5 7. Nc3 Qe6 8.
Bc4 Qg6 9. Nh4 Qf6 10. Nd5 Qxh4 11. Nxc7+ Kd8 12. Nxa8 Bd7 13. O-O Nxd4 14.
Qxa7 Nc6 15. Qxb7 Qxc4 16. Qc7+ Ke8 17. b3 Qd3 18. Ba3 e5 19. Bxf8 Kxf8 20.
Rad1 1-0

[Event "Tournoi Skype 014B"]
[Site "Skype"]
[Date "????.??.??"]
[Round "1.5"]
[White "Farthouat, Titoine"]
[Black "Gieschen, Mike"]
[Result "1-0"]
[WhiteElo "1254"]
[BlackElo "1457"]
[PlyCount "75"]

1. e4 e5 2. Nf3 Nc6 3. Bb5 Nge7 4. d3 g6 5. O-O Bg7 6. Bg5 f6 7. Bh4 d6 8. h3
Be6 9. d4 a6 10. Ba4 O-O 11. d5 Bd7 12. dxc6 Bxc6 13. Bxc6 bxc6 14. Nc3 d5 15.
exd5 cxd5 16. Qd2 d4 17. Ne2 Nf5 18. Rfd1 Bh6 19. Qd3 Nxh4 20. Nxh4 c5 21. Nf3
Qd6 22. c3 Rfb8 23. cxd4 cxd4 24. Qc4+ Kg7 25. Nexd4 exd4 26. Rxd4 Rc8 27. Qxc8
Rxc8 28. Rxd6 a5 29. Rd7+ Kg8 30. Rad1 Rc2 31. Rd8+ Bf8 32. Re1 Rxb2 33. Ree8
Rxa2 34. Nd4 Ra1+ 35. Kh2 a4 36. Ne6 h5 37. Rxf8+ Kh7 38. Rh8# 1-0

[Event "Tournoi Skype 014B"]
[Site "Skype"]
[Date "????.??.??"]
[Round "1.6"]
[White "De Coninck, Philippe"]
[Black "Amato, Ludovica"]
[Result "1-0"]
[WhiteElo "1452"]
[BlackElo "1250"]
[PlyCount "64"]

1. e4 e5 2. f4 Nf6 3. fxe5 Nxe4 4. Nf3 Nc6 5. c3 d6 6. Bb5 dxe5 7. O-O a6 8.
Bxc6+ bxc6 9. Nxe5 Bc5+ 10. d4 Bd6 11. Nxf7 Qe7 12. Nxh8 Be6 13. Qf3 Bd5 14.
Qh5+ g6 15. Nxg6 hxg6 16. Qh8+ Kd7 17. Qxa8 Qh7 18. h3 Be6 19. Rf3 c5 20. Qxe4
Qh5 21. Nd2 Bd5 22. Qg4+ Qxg4 23. hxg4 cxd4 24. Rf6 Be5 25. Rxg6 dxc3 26. bxc3
Bxc3 27. Rb1 Bd4+ 28. Kh2 Bxa2 29. Rb7 Be5+ 30. g3 Bd5 31. Ra7 Bf7 32. Rgxa6
Bd5 1-0

[Event "Tournoi Skype 014B"]
[Site "Skype"]
[Date "????.??.??"]
[Round "1.7"]
[White "Douichi, Mohammed"]
[Black "Prasad Singh, Ambika"]
[Result "0-1"]
[WhiteElo "1250"]
[BlackElo "1444"]
[PlyCount "96"]

1. e4 c5 2. Nc3 e6 3. Qh5 Nf6 4. Qf3 Nc6 5. Bd3 d6 6. Nd5 exd5 7. exd5 Qe7+ 8.
Ne2 Nd4 9. Qf4 Nxe2 10. Bxe2 Nxd5 11. Qa4+ Bd7 12. Qc4 Bc6 13. d4 Nf4 14. Bxf4
Bxg2 15. Rg1 Bc6 16. d5 Bd7 17. O-O-O b5 18. Qd3 g6 19. a3 Bg7 20. c3 O-O 21.
Qc2 Rfc8 22. Qb3 Qxe2 23. Qc2 Qxc2+ 24. Kxc2 Be5 25. Bxe5 dxe5 26. Rge1 f6 27.
d6 c4 28. Re4 b4 29. cxb4 Ba4+ 30. b3 Bxb3+ 31. Kd2 c3+ 32. Kc1 Bxd1 33. d7 Rd8
34. Kxd1 Rxd7+ 35. Kc2 Rc8 36. a4 Kf7 37. f4 exf4 38. Rxf4 Rd2+ 39. Kb3 c2 40.
Rf1 c1=Q 41. Rxc1 Rxc1 42. b5 Rxh2 43. Kb4 Ke6 44. Ka5 Rc7 45. Ka6 Kd6 46. a5
Rc5 47. Kxa7 Rxb5 48. Ka6 Kc6 0-1

[Event "Tournoi Skype 014B"]
[Site "Skype"]
[Date "????.??.??"]
[Round "1.8"]
[White "Kruzeniski, Randy"]
[Black "Mantelli, Luca"]
[Result "1-0"]
[WhiteElo "1436"]
[BlackElo "1239"]
[PlyCount "61"]

1. d4 d5 2. c4 e6 3. Nf3 Nf6 4. Nc3 Be7 5. e3 O-O 6. a3 Nbd7 7. Bd3 c6 8. O-O
b6 9. b4 dxc4 10. Bxc4 Bb7 11. Qd3 c5 12. bxc5 bxc5 13. e4 cxd4 14. Qxd4 Nb6
15. Rb1 Qxd4 16. Nxd4 Nxe4 17. Na4 Bd8 18. f3 Nd6 19. Bb3 Nxa4 20. Bxa4 Bb6 21.
Rd1 Rfd8 22. Kh1 Bxd4 23. Rxd4 Rab8 24. Bf4 Nf5 25. Rxd8+ Rxd8 26. Rxb7 a5 27.
g3 f6 28. Bb3 Rd3 29. Bxe6+ Kf8 30. Bxf5 Rxa3 31. Bd6+ 1-0

[Event "Tournoi Skype 014B"]
[Site "Skype"]
[Date "????.??.??"]
[Round "1.9"]
[White "Alverson, Ginny"]
[Black "Ramirez Reina, Orlando"]
[Result "0-1"]
[WhiteElo "1211"]
[BlackElo "1431"]
[PlyCount "80"]

1. d4 Nf6 2. Nf3 e6 3. e3 d5 4. Bd3 c5 5. dxc5 Bxc5 6. O-O O-O 7. Nc3 a6 8. Bd2
Nc6 9. h3 h6 10. Na4 Ba7 11. b4 b5 12. Nc5 Bxc5 13. bxc5 Bb7 14. Rb1 Rc8 15. c4
dxc4 16. Be2 Qe7 17. Bb4 Nxb4 18. Rxb4 Qxc5 19. Rb2 Rfd8 20. Qc2 Be4 21. Qc1
Rd7 22. Qc3 Rcd8 23. Ne5 Rd5 24. Ng4 Nxg4 25. Bxg4 Rd3 26. Qe1 Qd6 27. Qa5 Qa3
28. Qxa3 Rxa3 29. Re1 c3 30. Rbe2 Rd2 31. Rxd2 cxd2 32. Rd1 Rxa2 33. f3 Bc6 34.
e4 b4 35. f4 Ba4 36. Rf1 Bc2 37. f5 Bxe4 38. fxe6 f6 39. e7 Kf7 40. Bd1 Kxe7
0-1

[Event "Tournoi Skype 014B"]
[Site "Skype"]
[Date "????.??.??"]
[Round "1.10"]
[White "Kayali, Furkan"]
[Black "Bilsel, Sebahittin"]
[Result "1-0"]
[WhiteElo "1424"]
[BlackElo "1200"]
[PlyCount "27"]

1. d4 d5 2. c4 Nf6 3. c5 Nc6 4. Bf4 Bf5 5. Nf3 b6 6. b4 Nxb4 7. Qa4+ Qd7 8.
Qxb4 e6 9. Nc3 bxc5 10. dxc5 a5 11. Qa4 Qxa4 12. Nxa4 Rb8 13. e3 Rb5 14. Bxb5+
1-0

[Event "Tournoi Skype 014B"]
[Site "Skype"]
[Date "????.??.??"]
[Round "1.11"]
[White "Milanese, Serge"]
[Black "Cengiz, Cem"]
[Result "1-0"]
[WhiteElo "1424"]
[BlackElo "1210"]
[PlyCount "41"]

1. e4 e5 2. Nf3 Nc6 3. Bc4 Nf6 4. c3 Bc5 5. d3 O-O 6. Be3 d6 7. h3 Be6 8. Bxe6
fxe6 9. Ng5 h6 10. Nxe6 Qe7 11. Nxf8 Rxf8 12. Qb3+ Kh8 13. Nd2 b6 14. Nf3 Na5
15. Qc2 d5 16. Nh4 Qf7 17. Bxc5 bxc5 18. Qa4 Nh5 19. O-O-O Nb7 20. g3 Qxf2 21.
Ng6+ 1-0

[Event "Tournoi Skype 014B"]
[Site "Skype"]
[Date "????.??.??"]
[Round "1.12"]
[White "Lecluyse, Koenraad"]
[Black "Dubois, Real"]
[Result "1-0"]
[WhiteElo "1199"]
[BlackElo "1420"]
[PlyCount "55"]

1. d4 d5 2. Nf3 c6 3. Bf4 Nf6 4. e3 Nbd7 5. Bd3 e6 6. O-O Be7 7. c3 O-O 8. Nbd2
Nh5 9. Bg3 Ndf6 10. h3 Qb6 11. b3 c5 12. Bh4 g6 13. Re1 cxd4 14. cxd4 Re8 15.
e4 dxe4 16. Nxe4 Nxe4 17. Bxe7 Rxe7 18. Bxe4 Nf4 19. Qd2 Qd6 20. Rad1 Nd5 21.
Bxd5 Qxd5 22. Qg5 Re8 23. Qxd5 exd5 24. Rxe8+ Kg7 25. Rde1 b6 26. Ne5 f6 27.
Ng4 f5 28. R1e7# 1-0

[Event "Tournoi Skype 014B"]
[Site "Skype"]
[Date "????.??.??"]
[Round "1.13"]
[White "Perrone, Gabriel Lorenzo"]
[Black "Lequeux, Pierre"]
[Result "1-0"]
[WhiteElo "1408"]
[BlackElo "1199"]
[PlyCount "109"]

1. d4 d5 2. c4 e6 3. Nc3 Nf6 4. Nf3 h6 5. Qc2 Be7 6. e3 Nc6 7. a3 Bd6 8. Bd3 g6
9. O-O Na5 10. cxd5 exd5 11. Bd2 Nc6 12. Rfe1 Bd7 13. e4 dxe4 14. Nxe4 Nxe4 15.
Bxe4 O-O 16. Bxh6 Re8 17. Bxg6 Qf6 18. Bh7+ Kh8 19. Bg5 Qg7 20. Bf5 Nxd4 21.
Nxd4 f6 22. Bxd7 Rxe1+ 23. Rxe1 fxg5 24. Be6 Re8 25. Qd3 Be5 26. Qh3+ Qh7 27.
Qxh7+ Kxh7 28. Rxe5 Kg6 29. Bf5+ Kf7 30. Bg6+ Kxg6 31. Rxe8 c5 32. Ne6 Kf7 33.
Nc7 b6 34. Kf1 g4 35. Re3 Kf6 36. Na6 Kg5 37. Re7 c4 38. Rxa7 Kf4 39. g3+ Kf3
40. Rb7 b5 41. Rxb5 c3 42. bxc3 Ke4 43. c4 Kd4 44. c5 Kc4 45. Rb4+ Kd5 46. Rxg4
Kc6 47. Rg6+ Kb5 48. h4 Ka4 49. h5 Kxa3 50. c6 Ka4 51. c7 Ka5 52. c8=Q Kb5 53.
Qc6+ Ka5 54. Qc5+ Ka4 55. Qb4# 1-0

[Event "Tournoi Skype 014B"]
[Site "Skype"]
[Date "????.??.??"]
[Round "1.14"]
[White "Rodriguez, Nathalie"]
[Black "Gerbaux, Regis"]
[Result "1-0"]
[WhiteElo "1199"]
[BlackElo "1403"]
[PlyCount "81"]

1. e4 c5 2. a3 d6 3. Bc4 e5 4. d3 Nf6 5. h3 Be6 6. Bxe6 fxe6 7. c3 Be7 8. Nf3
O-O 9. Ng5 h6 10. Nxe6 Qc8 11. Nxf8 Qxf8 12. O-O b5 13. Qb3+ Qf7 14. Qxb5 Nbd7
15. Qb7 Qf8 16. c4 Kh8 17. f4 exf4 18. Bxf4 Rb8 19. Qxa7 Rxb2 20. Bc1 Re2 21.
Nc3 Rc2 22. Nd5 Qe8 23. Nxe7 Qxe7 24. Qa8+ Nf8 25. Qa4 Qe5 26. Qxc2 Qd4+ 27.
Be3 Qxe3+ 28. Kh1 Ne6 29. Rae1 Qg3 30. Qd2 Nh5 31. Re3 Qe5 32. Qe1 Nd4 33. Qf2
Ne6 34. a4 Qc3 35. Qf7 Nef4 36. Rxf4 Qc1+ 37. Kh2 Qxe3 38. Qe8+ Kh7 39. Rf3 Qg5
40. a5 Qd2 41. Qxh5 1-0

[Event "Tournoi Skype 014B"]
[Site "Skype"]
[Date "????.??.??"]
[Round "1.15"]
[White "Steenkamp, Brandt"]
[Black "Vitale, Maxi"]
[Result "1-0"]
[WhiteElo "1403"]
[BlackElo "1171"]
[PlyCount "55"]

1. e4 e5 2. Nc3 Nf6 3. Bc4 Qe7 4. Nf3 h6 5. O-O Nc6 6. d4 exd4 7. Nxd4 Nxd4 8.
Qxd4 d6 9. Bf4 Be6 10. Bxe6 Qxe6 11. Rfe1 Be7 12. Nb5 O-O 13. Nxc7 Qc8 14. Nxa8
Qxa8 15. Rad1 Qc8 16. Qxa7 Qxc2 17. Qxb7 Nh5 18. Rd2 Qc4 19. Qxe7 Nxf4 20. Qxd6
Ng6 21. b3 Qe6 22. Qxe6 fxe6 23. a4 Ne5 24. b4 Rb8 25. b5 Nc4 26. Rc2 Na3 27.
Rc5 Kh7 28. Ra1 1-0

[Event "Tournoi Skype 014B"]
[Site "Skype"]
[Date "????.??.??"]
[Round "1.16"]
[White "Martin, Elise"]
[Black "Hargez, Dany"]
[Result "0-1"]
[WhiteElo "1155"]
[BlackElo "1401"]
[PlyCount "58"]

1. e4 d5 2. e5 e6 3. d4 c5 4. Nf3 cxd4 5. Nxd4 Bc5 6. Qd2 Ne7 7. Nf3 O-O 8. Qc3
Qb6 9. Bd3 Bb4 10. Bd2 Bxc3 11. Nxc3 Bd7 12. O-O d4 13. Ne4 Bc6 14. Neg5 Nf5
15. b3 f6 16. exf6 Rxf6 17. Rfe1 Bd5 18. h3 Nd7 19. Nh2 e5 20. Ng4 Re8 21.
Nxf6+ Qxf6 22. Bb5 Be6 23. Re4 Nd6 24. Rh4 Rf8 25. Bd3 Qxf2+ 26. Kh2 Nf5 27.
Nxe6 Qg3+ 28. Kg1 Nxh4 29. Nxf8 Qxg2# 0-1

[Event "Tournoi Skype 014B"]
[Site "Skype"]
[Date "????.??.??"]
[Round "1.17"]
[White "Bendre, Pankaj"]
[Black "Melin, Christiane"]
[Result "1-0"]
[WhiteElo "1399"]
[BlackElo "1136"]
[PlyCount "55"]

1. e4 e5 2. Nf3 d5 3. exd5 Qxd5 4. Nc3 Qa5 5. a3 Bg4 6. d3 Bb4 7. Bd2 Bxc3 8.
Bxc3 Qd5 9. Be2 Nc6 10. O-O Nf6 11. h3 Bh5 12. Qd2 O-O 13. Rfe1 Rfe8 14. Ng5
Bxe2 15. Rxe2 h6 16. Nf3 Rad8 17. Nh4 Nd4 18. Re3 e4 19. Rg3 Kh8 20. Bxd4 Qxd4
21. Nf5 Qxb2 22. Rxg7 Qxa1+ 23. Kh2 Qe5+ 24. g3 e3 25. fxe3 Qxf5 26. e4 Nxe4
27. Qxh6+ Qh7 28. Qxh7# 1-0

[Event "Tournoi Skype 014B"]
[Site "Skype"]
[Date "????.??.??"]
[Round "1.18"]
[White "Tripathi, Rajnikant"]
[Black "Lemoine, Gerard"]
[Result "1-0"]
[WhiteElo "1399"]
[BlackElo "1135"]
[PlyCount "51"]

1. d4 d5 2. e4 e6 3. e5 c5 4. c3 a6 5. Nf3 Be7 6. Bd3 b5 7. Bd2 Qb6 8. Be3 Nc6
9. Qc2 f5 10. exf6 Nxf6 11. Ng5 cxd4 12. cxd4 Nb4 13. Qe2 Nxd3+ 14. Qxd3 Bb4+
15. Nc3 Ng4 16. Nxh7 e5 17. dxe5 Nxe3 18. fxe3 Bd7 19. O-O O-O-O 20. Nxd5 Qe6
21. Nxb4 Qxe5 22. Rac1+ Kb7 23. Rf7 Kb6 24. Rxd7 Rxd7 25. Rc6+ Ka5 26. Qa3# 1-0

[Event "Tournoi Skype 014B"]
[Site "Skype"]
[Date "????.??.??"]
[Round "1.19"]
[White "Paquay, Renaud"]
[Black "Khatanhar, Mohit"]
[Result "1/2-1/2"]
[WhiteElo "1135"]
[BlackElo "1396"]
[PlyCount "46"]

1. c4 c5 2. Nf3 d6 3. e3 e5 4. Nc3 Be7 5. Be2 Nf6 6. h3 h6 7. O-O Be6 8. d3
Nbd7 9. e4 Nh7 10. Be3 b6 11. Nd2 O-O 12. Bh5 f5 13. f4 fxe4 14. Ndxe4 Ndf6 15.
f5 Bd7 16. Qf3 Qc8 17. Bg6 Qc7 18. Qg3 Kh8 19. Bxh7 Kxh7 20. Qg6+ Kh8 21. Rf3
Be8 22. Qg3 Nh5 23. Qg4 Nf6 1/2-1/2

[Event "Tournoi Skype 014B"]
[Site "Skype"]
[Date "????.??.??"]
[Round "1.20"]
[White "Sauvaget, Joel"]
[Black "Baker, Abi"]
[Result "1-0"]
[WhiteElo "1394"]
[BlackElo "1113"]
[PlyCount "71"]

1. d4 d5 2. Nf3 Nf6 3. e3 a6 4. Bd3 g6 5. O-O Bg7 6. c3 b5 7. Nbd2 Nc6 8. e4
Bg4 9. e5 Nh5 10. h3 Bf5 11. Bxf5 gxf5 12. Ng5 Qd7 13. Qxh5 e6 14. Nb3 h6 15.
Nc5 hxg5 16. Qxh8+ Bxh8 17. Nxd7 Kxd7 18. Bxg5 a5 19. a3 a4 20. f4 Na5 21. g3
Bg7 22. h4 Nb3 23. Rad1 Kc6 24. Rf2 Kb6 25. Rh2 c6 26. h5 Rg8 27. h6 Bxh6 28.
Rxh6 c5 29. Kg2 c4 30. Rh7 Rf8 31. Be7 Re8 32. Rxf7 Rg8 33. Bf6 Ka5 34. Re7 Rg6
35. Rxe6 Rh6 36. Rd6 1-0

[Event "Tournoi Skype 014B"]
[Site "Skype"]
[Date "????.??.??"]
[Round "1.21"]
[White "Nalbant, Atakan"]
[Black "Vello, Pablo"]
[Result "0-1"]
[WhiteElo "1100"]
[BlackElo "1393"]
[PlyCount "88"]

1. d4 Nf6 2. Nf3 d5 3. Nc3 e6 4. e3 Be7 5. Bb5+ c6 6. Ba4 b5 7. Bb3 a5 8. a4 b4
9. Nb1 Ba6 10. Ng5 h6 11. Nh3 Nbd7 12. Na3 bxa3 13. bxa3 Ne4 14. Ba2 Nb6 15.
Nf4 Nc3 16. Qh5 O-O 17. Bb3 Ncxa4 18. Qe5 Bf6 19. Qh5 Nc3 20. Bd2 Nba4 21. Nd3
Kh7 22. O-O g6 23. Qf3 Bxd3 24. cxd3 e5 25. Rac1 exd4 26. exd4 Bxd4 27. Be3 Be5
28. Bf4 Bxf4 29. Qxf4 Ne2+ 30. Kh1 Nxf4 31. Rxc6 Nb6 32. a4 Nxg2 33. Rg1 Nf4
34. Rg4 g5 35. Ba2 Re8 36. Rg1 Kg7 37. Rcc1 d4 38. Bb3 Qd7 39. Bd1 Nxd3 40. Rb1
Nxf2+ 41. Kg2 Nh3 42. Rh1 Nf4+ 43. Kg1 Qh3 44. Rxb6 Qg2# 0-1

[Event "Tournoi Skype 014B"]
[Site "Skype"]
[Date "????.??.??"]
[Round "1.22"]
[White "Raheja, Shiv"]
[Black "Rival, Jocelyn"]
[Result "1-0"]
[WhiteElo "1374"]
[BlackElo "1086"]
[PlyCount "23"]

1. e4 e5 2. Nf3 Nc6 3. Bc4 Nf6 4. Ng5 Be7 5. Nxf7 d6 6. Nxd8 Bxd8 7. d3 Nd4 8.
c3 Nc6 9. Qf3 Rf8 10. Qg3 g6 11. Bh6 Rg8 12. Bxg8 1-0

[Event "Tournoi Skype 014B"]
[Site "Skype"]
[Date "????.??.??"]
[Round "1.23"]
[White "Bustos, Ricardo"]
[Black "Hague, Mark"]
[Result "0-1"]
[WhiteElo "1081"]
[BlackElo "1367"]
[PlyCount "58"]

1. d4 Nf6 2. c4 c5 3. d5 e6 4. dxe6 fxe6 5. Nc3 d6 6. e4 Be7 7. Nf3 O-O 8. Be2
h6 9. O-O Nc6 10. a3 a6 11. Qc2 e5 12. Be3 Be6 13. Rad1 Nd4 14. Nxd4 cxd4 15.
Bxd4 exd4 16. Rxd4 Qb6 17. Rdd1 Rac8 18. b3 Qc5 19. b4 Qc6 20. Bd3 Bxc4 21.
Bxc4+ Qxc4 22. Rc1 b5 23. Qe2 Qd4 24. Rfd1 Qe5 25. Qe3 Ng4 26. f4 Qxf4 27. Qxf4
Rxf4 28. Rf1 Rxf1+ 29. Kxf1 Bf6 0-1

[Event "Tournoi Skype 014B"]
[Site "Skype"]
[Date "????.??.??"]
[Round "1.24"]
[White "Capdeville, Jean"]
[Black "Talbot, Jean"]
[Result "1-0"]
[WhiteElo "1353"]
[BlackElo "1068"]
[PlyCount "29"]

1. e4 e5 2. Nf3 Nc6 3. d4 exd4 4. Nxd4 Bc5 5. Nxc6 bxc6 6. Nc3 Bb4 7. Bd2 Bxc3
8. Bxc3 d5 9. e5 f6 10. Qh5+ g6 11. Qh4 fxe5 12. Qxd8+ Kxd8 13. Bxe5 Nf6 14.
Bxf6+ Kd7 15. Bxh8 1-0

[Event "Tournoi Skype 014B"]
[Site "Skype"]
[Date "????.??.??"]
[Round "1.25"]
[White "Gagnon, Sindy"]
[Black "Vincent, Andre"]
[Result "0-1"]
[WhiteElo "1046"]
[BlackElo "1353"]
[PlyCount "68"]

1. d4 d5 2. e3 Nf6 3. Nf3 Nbd7 4. Be2 e6 5. O-O Be7 6. Nc3 O-O 7. Re1 Bb4 8.
Bd2 Bxc3 9. Bxc3 Ne4 10. Bb4 Re8 11. c3 b6 12. Bd3 a5 13. Ba3 Nef6 14. b4 axb4
15. Bxb4 Ba6 16. Bc2 e5 17. dxe5 Nxe5 18. Nd4 c5 19. Nf5 cxb4 20. cxb4 Nc4 21.
b5 Bxb5 22. Rb1 Qd7 23. a4 Bxa4 24. f3 Bxc2 25. Qxc2 Na3 26. Qb2 Nxb1 27. Rxb1
Qxf5 28. e4 dxe4 29. fxe4 Qxe4 30. Rc1 Qe3+ 31. Kf1 Qd3+ 32. Kf2 Ng4+ 33. Kg1
Qe3+ 34. Kf1 Nxh2# 0-1

[Event "Tournoi Skype 014B"]
[Site "Skype"]
[Date "????.??.??"]
[Round "1.26"]
[White "Gabriele, Noel"]
[Black "Farthouat, Catherine"]
[Result "1-0"]
[WhiteElo "1347"]
[BlackElo "1041"]
[PlyCount "55"]

1. e4 e5 2. d4 Nf6 3. dxe5 Nxe4 4. Bc4 Bb4+ 5. c3 Bc5 6. Be3 O-O 7. Qf3 Nf6 8.
exf6 Qxf6 9. Bxc5 Re8+ 10. Ne2 b6 11. Bd4 Qe7 12. Qxa8 Nc6 13. Bb5 a6 14. Bxa6
b5 15. Bxb5 h5 16. Qa4 h4 17. Be3 Bb7 18. Qg4 Ne5 19. Qh3 Ng6 20. Bxd7 Rd8 21.
Ba4 Rd6 22. Nd4 Qf6 23. Nf5 Rd5 24. Bb3 Rd3 25. Bc2 Rd5 26. Na3 Qe5 27. Nc4 Qe6
28. O-O 1-0

[Event "Tournoi Skype 014B"]
[Site "Skype"]
[Date "????.??.??"]
[Round "1.27"]
[White "Kruk, Clementine"]
[Black "Rugman, Dan"]
[Result "0-1"]
[WhiteElo "1000"]
[BlackElo "1340"]
[PlyCount "98"]

1. e4 c5 2. Nf3 e6 3. Nc3 a6 4. Bc4 Nf6 5. d3 b5 6. Bb3 Nc6 7. Bg5 Be7 8. e5
Ng4 9. Bxe7 Qxe7 10. O-O Ngxe5 11. Nxe5 Nxe5 12. Qe2 d6 13. Qe4 Rb8 14. a4 Bb7
15. Qe3 Bc6 16. f4 Ng4 17. Qg3 f5 18. h3 Nf6 19. Rae1 Bd7 20. Re2 O-O 21. Rfe1
Rfe8 22. Re3 Kh8 23. h4 Qf7 24. Qg5 h6 25. Qg3 d5 26. Qh3 c4 27. Ba2 d4 28.
R3e2 dxc3 29. bxc3 Nd5 30. Rf2 Nxc3 31. Bb1 bxa4 32. g4 Nxb1 33. gxf5 exf5 34.
Kh1 Rxe1+ 35. Kh2 a3 36. c3 Rb2 37. dxc4 Rxf2+ 38. Kg3 Re3+ 39. Kxf2 Rxh3 40.
Kg2 Rxh4 41. Kg3 Rg4+ 42. Kf3 Qxc4 43. Ke3 Qxf4+ 44. Kd3 a2 45. c4 Qxc4+ 46.
Ke3 Qe4+ 47. Kf2 a1=Q 48. Kf1 Qa3 49. Kf2 Qaf3# 0-1

[Event "Tournoi Skype 014B"]
[Site "Skype"]
[Date "????.??.??"]
[Round "1.28"]
[White "Gharbi, Said"]
[Black "Letourneau, Judith"]
[Result "1-0"]
[WhiteElo "1339"]
[BlackElo "1000"]
[PlyCount "21"]

1. e4 e6 2. d4 d5 3. exd5 exd5 4. c4 Nc6 5. Nf3 Bg4 6. Qb3 Nf6 7. Qxb7 Rb8 8.
Qxc6+ Ke7 9. Nh4 g5 10. Be2 Bxe2 11. Nf5# 1-0

[Event "Tournoi Skype 014B"]
[Site "Skype"]
[Date "????.??.??"]
[Round "1.29"]
[White "Farfallini, Michel"]
[Black "Tamditi, Ibrahim"]
[Result "0-1"]
[WhiteElo "1335"]
[BlackElo "1333"]
[PlyCount "60"]

1. d4 d5 2. c4 Nf6 3. Nc3 e6 4. g3 Nc6 5. Nf3 h6 6. cxd5 exd5 7. Bg2 Bb4 8. O-O
Bxc3 9. bxc3 O-O 10. Qb3 Re8 11. Re1 Na5 12. Qc2 c6 13. Nd2 Bg4 14. e4 dxe4 15.
Nxe4 Nxe4 16. Rxe4 Rxe4 17. Bxe4 Qe7 18. Bb2 Nc4 19. Bd3 Nxb2 20. Qxb2 Re8 21.
Qb1 Bh5 22. Kf1 Be2+ 23. Kg2 Bxd3 24. Qxd3 g6 25. a4 Rd8 26. g4 c5 27. Rd1 cxd4
28. cxd4 Qd7 29. a5 Qxg4+ 30. Qg3 Qxd1 0-1

[Event "Tournoi Skype 014B"]
[Site "Skype"]
[Date "????.??.??"]
[Round "1.30"]
[White "Marty, Yvette"]
[Black "Martin, Jean-Claude"]
[Result "0-1"]
[WhiteElo "1000"]
[BlackElo "1333"]
[PlyCount "50"]

1. e4 e5 2. Nf3 Nc6 3. Bb5 Nf6 4. c3 Nxe4 5. O-O Bc5 6. d4 exd4 7. Bxc6 dxc6 8.
Qe2 Bf5 9. Nbd2 Qe7 10. Nb3 Bb6 11. cxd4 O-O-O 12. Nh4 Qxh4 13. Nd2 Bxd4 14.
Nf3 Qe7 15. Rd1 Bxf2+ 16. Kf1 Rxd1+ 17. Qxd1 Rd8 18. Qe2 Ng3+ 19. hxg3 Bd3 20.
Kxf2 Qxe2+ 21. Kg1 Be4 22. Bf4 Rd1+ 23. Rxd1 Qxd1+ 24. Kh2 Qe2 25. Ng1 Qxg2#
0-1

[Event "Tournoi Skype 014B"]
[Site "Skype"]
[Date "????.??.??"]
[Round "1.31"]
[White "Yeter, Orhan"]
[Black "Pedneault, Anne-Frederique"]
[Result "1-0"]
[WhiteElo "1332"]
[BlackElo "1000"]
[PlyCount "35"]

1. Nf3 Nc6 2. g3 d5 3. Bg2 e5 4. d3 Nf6 5. Bg5 h6 6. Bxf6 gxf6 7. O-O Nd4 8.
Nxd4 exd4 9. c3 Bd7 10. Bxd5 Bh3 11. Qa4+ c6 12. Bg2 Bxg2 13. Kxg2 Qd5+ 14. Kg1
Bd6 15. cxd4 O-O 16. Nc3 Qg5 17. Ne4 Qh5 18. Nxf6+ 1-0

[Event "Tournoi Skype 014B"]
[Site "Skype"]
[Date "????.??.??"]
[Round "1.32"]
[White "Wible, Annie"]
[Black "Coruble, Didier"]
[Result "0-1"]
[WhiteElo "1000"]
[BlackElo "1329"]
[PlyCount "66"]

1. e4 d6 2. c4 c5 3. Nf3 Bg4 4. Be2 e5 5. d3 Be7 6. O-O Nc6 7. Be3 Nd4 8. Nxd4
Bxe2 9. Nxe2 Bg5 10. Qd2 h6 11. Nbc3 a6 12. g3 Be7 13. Rfe1 g5 14. Nd5 f6 15.
a3 h5 16. Nec3 h4 17. g4 h3 18. f3 Nh6 19. b4 Nxg4 20. bxc5 Nxe3 21. Nxe3 dxc5
22. Nf5 Bf8 23. Na4 Bh6 24. Nxc5 g4 25. Nxb7 Qb6+ 26. Re3 Bxe3+ 27. Nxe3 Qxb7
28. Nxg4 Rg8 29. Qc2 Qb6+ 30. Kf1 O-O-O 31. Rb1 Qd4 32. Nxf6 Qg1+ 33. Ke2 Rg2#
0-1

[Event "Tournoi Skype 014B"]
[Site "Skype"]
[Date "????.??.??"]
[Round "1.33"]
[White "Armingaud, Jean-Claude"]
[Black "Coude, Josue"]
[Result "1-0"]
[WhiteElo "1135"]
[BlackElo "1088"]
[PlyCount "69"]

1. e4 e5 2. Nf3 Nc6 3. d3 Bc5 4. Bg5 Nf6 5. c3 d6 6. d4 Bb6 7. Bb5 h6 8. Bxc6+
bxc6 9. Bxf6 Qxf6 10. O-O Bg4 11. dxe5 dxe5 12. h3 Bh5 13. Qd3 O-O 14. Nbd2
Rad8 15. Qe2 Bxf3 16. Nxf3 a5 17. Nh2 Qg6 18. Ng4 f6 19. Qc4+ Kh7 20. Qxc6 Rd6
21. Qc4 h5 22. Nh2 Rfd8 23. a3 Rd3 24. g3 Rxg3+ 25. Kh1 Rxh3 26. Rg1 Qh6 27.
Qf1 Rhd3 28. Qe2 g5 29. Rg3 Rxg3 30. fxg3 h4 31. Ng4 h3 32. Nxh6 Kxh6 33. Qg4
Rf8 34. Qxh3+ Kg6 35. Rf1 1-0

[Event "Tournoi Skype 014B"]
[Site "Skype"]
[Date "????.??.??"]
[Round "2.1"]
[White "Raheja, Shiv"]
[Black "Le Brun, Yves"]
[Result "1-0"]
[WhiteElo "1374"]
[BlackElo "1507"]
[PlyCount "81"]

1. e4 c6 2. d4 d5 3. exd5 cxd5 4. Nf3 Bf5 5. Ne5 Nf6 6. Nc3 a6 7. Qe2 Nbd7 8.
Qf3 e6 9. Bd3 Bxd3 10. Nxd3 Be7 11. Qg3 Nh5 12. Qg4 g6 13. Bh6 f5 14. Qf3 Bg5
15. Bxg5 Qxg5 16. a3 O-O 17. g3 Qf6 18. Ne2 Rac8 19. O-O-O Qd8 20. Qe3 Qc7 21.
Qxe6+ Rf7 22. Nc3 Nhf6 23. h4 Nb6 24. Ne5 Re8 25. Qxf7+ Qxf7 26. Nxf7 Kxf7 27.
f3 Re3 28. Rhf1 Nc4 29. g4 Nxa3 30. bxa3 Rxc3 31. Kb2 Rc6 32. gxf5 gxf5 33.
Rde1 Nh5 34. Re5 Kf6 35. Rxd5 Nf4 36. Rd7 Rb6+ 37. Kc3 Ne2+ 38. Kd3 Nf4+ 39.
Kc3 Rc6+ 40. Kd2 Ne6 41. d5 1-0